| 000 | 00388nam a2200145Ia 4500 | ||
|---|---|---|---|
| 008 | 210210b1978 xxu||||| |||| 00| 0 eng d | ||
| 082 | _a820.33 CHAF | ||
| 100 | _aCHAUDHURY (P C Roy). | ||
| 245 | _aFolk tales of Punjab. | ||
| 260 |
_aN D _bSterling Publishers Pvt Ltd., _c1978 |
||
| 300 | _a112 | ||
| 650 | _aFolk Tales of Punjab | ||
| 690 | _aIndian English Fiction | ||
| 906 | _a034751 | ||
| 999 |
_c85710 _d85710 |
||